000
00291nam a22001217a 4500
008
241207b |||||||| |||| 00| 0 eng d
041
_a
Eng
245
_a
Reader's Digest
260
_a
Delhi
_b
India Today Group
_c
2024
300
_a
132;. P.
856
_u
www.readersdigest.in
942
_c
SR
_s
1
999
_c
43165
_d
43165